[Event "Landsturneringen 2017"]
[Site "Clarion Energy Hotel, Stavanger"]
[Date "2017.07.05"]
[Round "6"]
[White "Lie, Kjetil A."]
[Black "Urkedal, Frode Olav Olsen"]
[Result "1/2-1/2"]
[WhiteElo "2539"]
[BlackElo "2541"]
[PlyCount "128"]

1. d4 {[%clk 1:30:57]} Nf6 {[%clk 1:30:56]} 2. Bf4 {[%clk 1:31:13]} e6
{[%clk 1:31:16]} 3. e3 {[%clk 1:31:18]} d5 {[%clk 1:31:13]} 4. Nd2
{[%clk 1:30:20]} Bd6 {[%clk 1:31:30]} 5. Bg3 {[%clk 1:30:23]} O-O
{[%clk 1:31:53]} 6. c3 {[%clk 1:29:01]} c5 {[%clk 1:32:17]} 7. Ngf3
{[%clk 1:28:19]} Qc7 {[%clk 1:32:40]} 8. Bd3 {[%clk 1:25:56]} Nbd7
{[%clk 1:33:06]} 9. Bxd6 {[%clk 1:19:02]} Qxd6 {[%clk 1:33:01]} 10. O-O
{[%clk 1:19:27]} e5 {[%clk 1:31:27]} 11. e4 {[%clk 1:12:58]} exd4
{[%clk 1:25:11]} 12. cxd4 {[%clk 1:12:52]} dxe4 {[%clk 1:18:12]} 13. Nxe4
{[%clk 1:10:58]} Nxe4 {[%clk 1:18:35]} 14. Bxe4 {[%clk 1:11:24]} Nf6
{[%clk 1:19:01]} 15. Qc2 {[%clk 1:03:18]} c4 {[%clk 1:15:50]} 16. Rfe1
{[%clk 1:02:01]} Nxe4 {[%clk 1:08:15]} 17. Qxe4 {[%clk 1:02:23]} h6
{[%clk 1:06:20]} 18. d5 {[%clk 0:47:36]} b5 {[%clk 1:06:05]} 19. a4
{[%clk 0:47:55]} Bb7 {[%clk 0:48:12]} 20. Rad1 {[%clk 0:33:15]} Rad8
{[%clk 0:41:53]} 21. axb5 {[%clk 0:25:30]} Qc5 {[%clk 0:33:05]} 22. Rd4
{[%clk 0:10:28]} Qxb5 {[%clk 0:18:40]} 23. Red1 {[%clk 0:10:10]} Rfe8
{[%clk 0:18:16]} 24. Qf5 {[%clk 0:09:58]} g6 {[%clk 0:17:28]} 25. Qf6
{[%clk 0:04:43]} Rxd5 {[%clk 0:16:28]} 26. Rxd5 {[%clk 0:02:03]} Bxd5
{[%clk 0:16:48]} 27. h4 {[%clk 0:01:19]} Bxf3 {[%clk 0:16:22]} 28. gxf3
{[%clk 0:01:34]} a5 {[%clk 0:07:14]} 29. Kg2 {[%clk 0:01:36]} Qe5
{[%clk 0:06:14]} 30. Qc6 {[%clk 0:01:29]} Rb8 {[%clk 0:05:06]} 31. Qxc4
{[%clk 0:00:56]} Rxb2 {[%clk 0:03:36]} 32. Rd8+ {[%clk 0:01:07]} Kg7
{[%clk 0:04:00]} 33. Qc8 {[%clk 0:00:49]} Rb4 {[%clk 0:02:48]} 34. Rh8
{[%clk 0:00:48]} Rxh4 {[%clk 0:02:24]} 35. Qf8+ {[%clk 0:01:12]} Kf6
{[%clk 0:02:49]} 36. Qd8+ {[%clk 0:01:26]} Qe7 {[%clk 0:03:06]} 37. Qxa5
{[%clk 0:00:54]} Rh5 {[%clk 0:01:36]} 38. Qc3+ {[%clk 0:00:45]} Qe5
{[%clk 0:01:38]} 39. Qxe5+ {[%clk 0:00:41]} Kxe5 {[%clk 0:01:59]} 40. Rh7
{[%clk 0:00:39]} Kf6 {[%clk 0:01:10]} 41. f4 {[%clk 0:23:27]} Rf5
{[%clk 0:29:26]} 42. Rxh6 {[%clk 0:22:55]} Rxf4 {[%clk 0:29:03]} 43. Rh8
{[%clk 0:22:57]} Kg5 {[%clk 0:29:28]} 44. Rb8 {[%clk 0:22:33]} Ra4
{[%clk 0:29:33]} 45. Rb5+ {[%clk 0:21:56]} f5 {[%clk 0:29:47]} 46. Rb6
{[%clk 0:20:14]} Kh5 {[%clk 0:29:58]} 47. Rf6 {[%clk 0:18:25]} Ra5
{[%clk 0:30:07]} 48. Rf8 {[%clk 0:16:46]} Kg4 {[%clk 0:29:36]} 49. Rb8
{[%clk 0:16:45]} Ra2 {[%clk 0:28:23]} 50. Rb6 {[%clk 0:16:33]} g5
{[%clk 0:28:46]} 51. Rb4+ {[%clk 0:16:49]} f4 {[%clk 0:29:10]} 52. Rc4
{[%clk 0:17:08]} Re2 {[%clk 0:28:54]} 53. Ra4 {[%clk 0:17:10]} Kf5
{[%clk 0:28:56]} 54. Ra5+ {[%clk 0:16:46]} Re5 {[%clk 0:29:19]} 55. Ra8
{[%clk 0:17:12]} g4 {[%clk 0:29:37]} 56. Rf8+ {[%clk 0:17:21]} Kg5
{[%clk 0:29:41]} 57. Rg8+ {[%clk 0:13:37]} Kh4 {[%clk 0:30:08]} 58. Rf8
{[%clk 0:11:58]} f3+ {[%clk 0:30:06]} 59. Kh2 {[%clk 0:12:22]} Re1
{[%clk 0:29:26]} 60. Rh8+ {[%clk 0:12:40]} Kg5 {[%clk 0:29:51]} 61. Rg8+
{[%clk 0:12:54]} Kf5 {[%clk 0:29:48]} 62. Rf8+ {[%clk 0:13:18]} Kg6
{[%clk 0:29:46]} 63. Rg8+ {[%clk 0:13:43]} Kf5 {[%clk 0:30:10]} 64. Rf8+
{[%clk 0:14:08]} Kg6 {[%clk 0:30:33]}
1/2-1/2

[Event "Landsturneringen 2017"]
[Site "Clarion Energy Hotel, Stavanger"]
[Date "2017.07.05"]
[Round "6"]
[White "Gandrud, Vegar Koi"]
[Black "Elsness, Frode"]
[Result "0-1"]
[WhiteElo "2330"]
[BlackElo "2466"]
[PlyCount "164"]

1. d4 {[%clk 1:30:56]} Nf6 {[%clk 1:30:40]} 2. c4 {[%clk 1:31:20]} e6
{[%clk 1:31:06]} 3. Nf3 {[%clk 1:31:46]} d5 {[%clk 1:31:31]} 4. Nc3
{[%clk 1:31:56]} Bb4 {[%clk 1:31:39]} 5. Qa4+ {[%clk 1:32:17]} Nc6
{[%clk 1:32:03]} 6. e3 {[%clk 1:32:41]} O-O {[%clk 1:31:33]} 7. Qc2
{[%clk 1:32:37]} Re8 {[%clk 1:26:57]} 8. Bd2 {[%clk 1:32:58]} a6 {[%clk 1:19:12]}
9. a3 {[%clk 1:28:27]} Bd6 {[%clk 1:14:36]} 10. c5 {[%clk 1:28:38]} Bf8
{[%clk 1:14:33]} 11. b4 {[%clk 1:27:07]} e5 {[%clk 1:14:06]} 12. dxe5
{[%clk 1:21:24]} Nxe5 {[%clk 1:13:16]} 13. Be2 {[%clk 1:12:01]} Nxf3+
{[%clk 1:09:21]} 14. Bxf3 {[%clk 1:11:40]} d4 {[%clk 1:09:44]} 15. Nd1
{[%clk 1:08:55]} Ng4 {[%clk 1:05:16]} 16. O-O {[%clk 1:01:34]} Ne5
{[%clk 0:55:46]} 17. Be4 {[%clk 1:01:13]} d3 {[%clk 0:50:59]} 18. Qb3
{[%clk 0:59:07]} Qh4 {[%clk 0:42:34]} 19. f3 {[%clk 0:49:45]} g6 {[%clk 0:37:41]}
20. g3 {[%clk 0:36:07]} Qh5 {[%clk 0:33:06]} 21. Nb2 {[%clk 0:29:38]} Rd8
{[%clk 0:18:59]} 22. Bc3 {[%clk 0:22:37]} Bh6 {[%clk 0:14:18]} 23. Bd4
{[%clk 0:22:33]} Rxd4 {[%clk 0:07:17]} 24. exd4 {[%clk 0:22:58]} Be3+
{[%clk 0:07:45]} 25. Kh1 {[%clk 0:23:18]} Bxd4 {[%clk 0:08:06]} 26. Nxd3
{[%clk 0:20:05]} Be6 {[%clk 0:06:18]} 27. Qc2 {[%clk 0:18:01]} Nxd3
{[%clk 0:06:42]} 28. Qxd3 {[%clk 0:17:49]} Bxa1 {[%clk 0:07:00]} 29. Rxa1
{[%clk 0:17:52]} c6 {[%clk 0:06:48]} 30. f4 {[%clk 0:17:44]} Re8 {[%clk 0:06:11]}
31. Rf1 {[%clk 0:15:42]} Bh3 {[%clk 0:06:22]} 32. Rc1 {[%clk 0:12:25]} Qg4
{[%clk 0:02:51]} 33. Kg1 {[%clk 0:09:26]} Qe6 {[%clk 0:03:17]} 34. Bg2
{[%clk 0:09:00]} Bf5 {[%clk 0:02:56]} 35. Qd2 {[%clk 0:07:35]} Bg4
{[%clk 0:02:44]} 36. Rc3 {[%clk 0:06:12]} Qe1+ {[%clk 0:01:38]} 37. Qxe1
{[%clk 0:06:35]} Rxe1+ {[%clk 0:02:08]} 38. Kf2 {[%clk 0:06:58]} Re2+
{[%clk 0:02:36]} 39. Kf1 {[%clk 0:05:48]} Ra2 {[%clk 0:03:02]} 40. Re3
{[%clk 0:03:28]} Kf8 {[%clk 0:02:29]} 41. h3 {[%clk 0:01:54]} Be6
{[%clk 0:01:06]} 42. g4 {[%clk 0:29:46]} Rd2 {[%clk 0:27:20]} 43. Be4
{[%clk 0:26:04]} Kg7 {[%clk 0:25:41]} 44. Ke1 {[%clk 0:23:21]} Rh2
{[%clk 0:20:45]} 45. Bd3 {[%clk 0:20:23]} h5 {[%clk 0:17:33]} 46. Be2
{[%clk 0:19:23]} h4 {[%clk 0:15:38]} 47. Kf1 {[%clk 0:16:13]} Bd5
{[%clk 0:14:06]} 48. Kg1 {[%clk 0:16:33]} Rg2+ {[%clk 0:14:24]} 49. Kf1
{[%clk 0:16:57]} Rh2 {[%clk 0:14:46]} 50. Kg1 {[%clk 0:17:21]} Rh1+
{[%clk 0:14:54]} 51. Kf2 {[%clk 0:17:44]} Ra1 {[%clk 0:15:02]} 52. Rc3
{[%clk 0:14:58]} Kf8 {[%clk 0:12:57]} 53. Bf3 {[%clk 0:13:29]} Ra2+
{[%clk 0:13:05]} 54. Ke3 {[%clk 0:12:53]} Bxf3 {[%clk 0:10:01]} 55. Kxf3
{[%clk 0:13:18]} f5 {[%clk 0:10:26]} 56. gxf5 {[%clk 0:12:18]} gxf5
{[%clk 0:10:55]} 57. Ke3 {[%clk 0:12:33]} Kf7 {[%clk 0:10:51]} 58. Kd4
{[%clk 0:12:47]} Kf6 {[%clk 0:11:12]} 59. Rf3 {[%clk 0:12:37]} Re2
{[%clk 0:10:16]} 60. Kd3 {[%clk 0:08:24]} Re4 {[%clk 0:10:39]} 61. Rf2
{[%clk 0:07:07]} Ke6 {[%clk 0:08:50]} 62. Rf3 {[%clk 0:06:52]} Kd5
{[%clk 0:08:40]} 63. Rf1 {[%clk 0:07:13]} a5 {[%clk 0:08:25]} 64. Rb1
{[%clk 0:06:26]} Rd4+ {[%clk 0:06:58]} 65. Kc3 {[%clk 0:06:05]} Rc4+
{[%clk 0:06:45]} 66. Kd3 {[%clk 0:04:37]} Rxf4 {[%clk 0:06:23]} 67. bxa5
{[%clk 0:05:02]} Rf3+ {[%clk 0:06:41]} 68. Ke2 {[%clk 0:05:25]} Rxh3
{[%clk 0:05:40]} 69. Rxb7 {[%clk 0:05:50]} Rxa3 {[%clk 0:06:00]} 70. Rf7
{[%clk 0:04:14]} Ke4 {[%clk 0:06:23]} 71. Rh7 {[%clk 0:03:21]} h3
{[%clk 0:05:36]} 72. a6 {[%clk 0:03:46]} h2 {[%clk 0:05:16]} 73. Kf1
{[%clk 0:03:18]} Rxa6 {[%clk 0:04:48]} 74. Kg2 {[%clk 0:03:30]} Ra2+
{[%clk 0:04:05]} 75. Kh1 {[%clk 0:03:51]} Ra1+ {[%clk 0:04:10]} 76. Kxh2
{[%clk 0:04:14]} Rc1 {[%clk 0:04:37]} 77. Kg3 {[%clk 0:04:05]} Rxc5
{[%clk 0:04:39]} 78. Re7+ {[%clk 0:04:27]} Re5 {[%clk 0:04:59]} 79. Rc7
{[%clk 0:04:47]} c5 {[%clk 0:05:25]} 80. Kf2 {[%clk 0:05:07]} Kd3
{[%clk 0:05:28]} 81. Kf3 {[%clk 0:04:18]} c4 {[%clk 0:05:41]} 82. Kf4
{[%clk 0:04:26]} Rd5 {[%clk 0:06:03]}
0-1

[Event "Landsturneringen 2017"]
[Site "Clarion Energy Hotel, Stavanger"]
[Date "2017.07.05"]
[Round "6"]
[White "Haug, Johannes"]
[Black "Haldorsen, Benjamin"]
[Result "1-0"]
[WhiteElo "2335"]
[BlackElo "2356"]
[PlyCount "153"]

1. d4 {[%clk 1:28:32]} Nf6 {[%clk 1:30:21]} 2. c4 {[%clk 1:28:30]} g6
{[%clk 1:30:46]} 3. Nf3 {[%clk 1:28:29]} Bg7 {[%clk 1:31:08]} 4. g3
{[%clk 1:28:38]} O-O {[%clk 1:31:31]} 5. Bg2 {[%clk 1:29:02]} d6 {[%clk 1:31:58]}
6. O-O {[%clk 1:29:14]} Nc6 {[%clk 1:32:23]} 7. Nc3 {[%clk 1:28:46]} a6
{[%clk 1:32:48]} 8. d5 {[%clk 1:27:30]} Na5 {[%clk 1:33:11]} 9. b3
{[%clk 1:27:13]} c5 {[%clk 1:32:31]} 10. dxc6 {[%clk 1:24:53]} Nxc6
{[%clk 1:32:55]} 11. Bb2 {[%clk 1:24:38]} Bg4 {[%clk 1:25:33]} 12. Qc1
{[%clk 1:13:14]} Rc8 {[%clk 1:22:53]} 13. Rd1 {[%clk 1:00:35]} Qa5
{[%clk 1:08:32]} 14. Nd5 {[%clk 0:53:21]} Nxd5 {[%clk 1:02:07]} 15. Bxg7
{[%clk 0:51:14]} Kxg7 {[%clk 1:00:55]} 16. Rxd5 {[%clk 0:50:24]} Qb4
{[%clk 1:00:53]} 17. Qe3 {[%clk 0:46:56]} Qa3 {[%clk 0:52:48]} 18. Nd4
{[%clk 0:26:48]} Qb2 {[%clk 0:47:47]} 19. Rd1 {[%clk 0:26:13]} Nb4
{[%clk 0:35:14]} 20. Rg5 {[%clk 0:19:40]} Bd7 {[%clk 0:15:03]} 21. Qxe7
{[%clk 0:15:49]} Nc6 {[%clk 0:15:29]} 22. Bxc6 {[%clk 0:10:52]} Bxc6
{[%clk 0:15:55]} 23. Ne6+ {[%clk 0:08:29]} Kg8 {[%clk 0:16:00]} 24. Nxf8
{[%clk 0:08:13]} Rxf8 {[%clk 0:16:08]} 25. Qxd6 {[%clk 0:04:36]} Qxe2
{[%clk 0:16:26]} 26. Qd3 {[%clk 0:04:12]} Qxa2 {[%clk 0:16:15]} 27. Re5
{[%clk 0:04:18]} Qb2 {[%clk 0:14:30]} 28. Re3 {[%clk 0:03:32]} Qf6
{[%clk 0:14:51]} 29. b4 {[%clk 0:03:26]} Ba4 {[%clk 0:14:25]} 30. Rde1
{[%clk 0:03:21]} Rd8 {[%clk 0:14:46]} 31. Qc3 {[%clk 0:03:05]} Qc6
{[%clk 0:09:25]} 32. f3 {[%clk 0:01:47]} h5 {[%clk 0:09:24]} 33. Rd3
{[%clk 0:00:55]} Rc8 {[%clk 0:09:48]} 34. Kf2 {[%clk 0:00:54]} Kh7
{[%clk 0:05:46]} 35. Re7 {[%clk 0:00:44]} Kg8 {[%clk 0:06:16]} 36. Rde3
{[%clk 0:00:36]} Rd8 {[%clk 0:05:13]} 37. R7e5 {[%clk 0:00:39]} Kh7
{[%clk 0:01:32]} 38. Rc5 {[%clk 0:00:37]} Qd7 {[%clk 0:01:02]} 39. Rd5
{[%clk 0:00:39]} Qc7 {[%clk 0:00:33]} 40. Rxd8 {[%clk 0:00:44]} Qxd8
{[%clk 0:01:02]} 41. Re2 {[%clk 0:13:58]} Bc6 {[%clk 0:30:52]} 42. Qe3
{[%clk 0:13:15]} Qd6 {[%clk 0:29:04]} 43. Qf4 {[%clk 0:10:19]} Qd7
{[%clk 0:28:18]} 44. Rd2 {[%clk 0:08:18]} Qe7 {[%clk 0:28:47]} 45. Rd6
{[%clk 0:07:48]} Kg7 {[%clk 0:28:11]} 46. Qd4+ {[%clk 0:08:05]} f6
{[%clk 0:28:39]} 47. h3 {[%clk 0:07:15]} Kf7 {[%clk 0:28:32]} 48. g4
{[%clk 0:06:43]} hxg4 {[%clk 0:29:00]} 49. hxg4 {[%clk 0:07:00]} g5
{[%clk 0:29:13]} 50. f4 {[%clk 0:01:55]} gxf4 {[%clk 0:29:35]} 51. Qxf4
{[%clk 0:02:20]} Kg7 {[%clk 0:30:02]} 52. c5 {[%clk 0:01:51]} Qf7
{[%clk 0:27:27]} 53. Kg3 {[%clk 0:02:04]} Qe7 {[%clk 0:27:20]} 54. Kf2
{[%clk 0:01:51]} Qf7 {[%clk 0:27:49]} 55. Rd2 {[%clk 0:01:47]} Qe6
{[%clk 0:26:34]} 56. Re2 {[%clk 0:01:12]} Qd5 {[%clk 0:27:03]} 57. Kg3
{[%clk 0:01:10]} Kg6 {[%clk 0:26:44]} 58. Rf2 {[%clk 0:00:54]} Qd3+
{[%clk 0:25:49]} 59. Kh4 {[%clk 0:00:40]} Qd8 {[%clk 0:25:54]} 60. Qf5+
{[%clk 0:00:39]} Kg7 {[%clk 0:26:22]} 61. Kg3 {[%clk 0:00:40]} Qe7
{[%clk 0:26:27]} 62. Qf4 {[%clk 0:00:54]} Kg6 {[%clk 0:26:27]} 63. Qd4
{[%clk 0:00:54]} Qe6 {[%clk 0:26:09]} 64. Kh4 {[%clk 0:00:55]} Qe7
{[%clk 0:23:12]} 65. Qd6 {[%clk 0:00:32]} Qg7 {[%clk 0:23:42]} 66. Qd3+
{[%clk 0:00:38]} Kf7 {[%clk 0:24:00]} 67. Kg3 {[%clk 0:00:53]} Qg5
{[%clk 0:23:20]} 68. Re2 {[%clk 0:01:13]} Qh6 {[%clk 0:13:28]} 69. Qd8
{[%clk 0:00:44]} Qf8 {[%clk 0:13:32]} 70. Qxf8+ {[%clk 0:00:38]} Kxf8
{[%clk 0:13:04]} 71. Kf4 {[%clk 0:00:48]} Kf7 {[%clk 0:13:32]} 72. Rd2
{[%clk 0:00:59]} Ke7 {[%clk 0:12:13]} 73. Kf5 {[%clk 0:00:56]} Ba4
{[%clk 0:12:41]} 74. Kg6 {[%clk 0:00:33]} Bb5 {[%clk 0:13:08]} 75. Rf2
{[%clk 0:00:39]} Bd7 {[%clk 0:12:02]} 76. Rf4 {[%clk 0:00:49]} Bc8
{[%clk 0:12:10]} 77. Re4+ {[%clk 0:01:03]}
1-0

[Event "Landsturneringen 2017"]
[Site "Clarion Energy Hotel, Stavanger"]
[Date "2017.07.05"]
[Round "6"]
[White "Lie, Espen"]
[Black "Holm, Kristian Stuvik"]
[Result "1/2-1/2"]
[WhiteElo "2462"]
[BlackElo "2403"]
[PlyCount "40"]

1. c4 {[%clk 1:30:57]} e6 {[%clk 1:30:48]} 2. Nf3 {[%clk 1:31:18]} d5
{[%clk 1:31:02]} 3. e3 {[%clk 1:31:21]} Nf6 {[%clk 1:31:20]} 4. b3
{[%clk 1:31:12]} Be7 {[%clk 1:30:48]} 5. Bb2 {[%clk 1:31:17]} O-O
{[%clk 1:31:10]} 6. Be2 {[%clk 1:30:54]} c5 {[%clk 1:28:15]} 7. O-O
{[%clk 1:30:39]} Nc6 {[%clk 1:27:14]} 8. d4 {[%clk 1:25:59]} cxd4
{[%clk 1:23:07]} 9. Nxd4 {[%clk 1:22:12]} Nxd4 {[%clk 1:19:47]} 10. Qxd4
{[%clk 1:15:47]} dxc4 {[%clk 1:17:05]} 11. Qxc4 {[%clk 1:13:29]} Bd7
{[%clk 1:15:34]} 12. Rd1 {[%clk 0:53:54]} Qa5 {[%clk 0:56:31]} 13. Nd2
{[%clk 0:46:17]} Rfd8 {[%clk 0:53:43]} 14. Bc3 {[%clk 0:36:07]} Qf5
{[%clk 0:46:33]} 15. Qd3 {[%clk 0:28:11]} Qxd3 {[%clk 0:43:59]} 16. Bxd3
{[%clk 0:28:39]} Nd5 {[%clk 0:36:30]} 17. Bb2 {[%clk 0:24:35]} Nb4
{[%clk 0:35:20]} 18. Be4 {[%clk 0:18:49]} Bc6 {[%clk 0:35:10]} 19. Bxc6
{[%clk 0:19:10]} Nxc6 {[%clk 0:35:30]} 20. Nc4 {[%clk 0:18:51]} f6
{[%clk 0:34:15]}
1/2-1/2

[Event "Landsturneringen 2017"]
[Site "Clarion Energy Hotel, Stavanger"]
[Date "2017.07.05"]
[Round "6"]
[White "Hauge, Lars Oskar"]
[Black "Aulin-Jansson, Jøran"]
[Result "1-0"]
[WhiteElo "2448"]
[BlackElo "2267"]
[PlyCount "83"]

1. d4 {[%clk 1:30:22]} Nf6 {[%clk 1:30:48]} 2. Bg5 {[%clk 1:30:47]} d5
{[%clk 1:30:47]} 3. e3 {[%clk 1:30:47]} Bf5 {[%clk 1:29:33]} 4. Nf3
{[%clk 1:30:09]} Nbd7 {[%clk 1:28:15]} 5. Be2 {[%clk 1:28:12]} h6
{[%clk 1:27:10]} 6. Bh4 {[%clk 1:27:03]} e6 {[%clk 1:23:25]} 7. O-O
{[%clk 1:21:08]} Be7 {[%clk 1:23:15]} 8. c4 {[%clk 1:20:55]} dxc4
{[%clk 1:19:58]} 9. Bxc4 {[%clk 1:20:48]} O-O {[%clk 1:20:19]} 10. Qb3
{[%clk 1:17:06]} Ne4 {[%clk 1:10:29]} 11. Bxe7 {[%clk 1:16:14]} Qxe7
{[%clk 1:10:49]} 12. Nc3 {[%clk 1:11:58]} c5 {[%clk 1:02:35]} 13. Rfd1
{[%clk 1:11:38]} Nxc3 {[%clk 1:02:04]} 14. bxc3 {[%clk 1:11:12]} Be4
{[%clk 1:00:10]} 15. Nd2 {[%clk 1:06:22]} Bc6 {[%clk 0:57:29]} 16. a4
{[%clk 1:04:56]} Rfd8 {[%clk 0:50:44]} 17. Bb5 {[%clk 1:02:32]} cxd4
{[%clk 0:49:24]} 18. Bxc6 {[%clk 1:01:33]} bxc6 {[%clk 0:49:02]} 19. cxd4
{[%clk 1:01:56]} Rab8 {[%clk 0:49:02]} 20. Qc3 {[%clk 1:01:16]} c5
{[%clk 0:49:14]} 21. Nb3 {[%clk 0:57:55]} Rdc8 {[%clk 0:45:36]} 22. Rdc1
{[%clk 0:56:25]} c4 {[%clk 0:43:07]} 23. Nd2 {[%clk 0:55:59]} Qb4
{[%clk 0:42:22]} 24. g3 {[%clk 0:55:35]} Qxc3 {[%clk 0:39:44]} 25. Rxc3
{[%clk 0:55:37]} Rb4 {[%clk 0:36:30]} 26. a5 {[%clk 0:55:37]} Nf6
{[%clk 0:36:50]} 27. Rac1 {[%clk 0:55:54]} Ra4 {[%clk 0:36:28]} 28. Rxc4
{[%clk 0:55:07]} Rcxc4 {[%clk 0:36:52]} 29. Nxc4 {[%clk 0:55:33]} Ra2
{[%clk 0:37:04]} 30. f3 {[%clk 0:50:39]} Nd5 {[%clk 0:34:04]} 31. e4
{[%clk 0:48:40]} Nb4 {[%clk 0:33:20]} 32. Ne5 {[%clk 0:42:48]} f6
{[%clk 0:26:19]} 33. Rc8+ {[%clk 0:42:45]} Kh7 {[%clk 0:26:45]} 34. Nd7
{[%clk 0:43:12]} e5 {[%clk 0:22:22]} 35. d5 {[%clk 0:42:27]} Rd2 {[%clk 0:20:06]}
36. Nf8+ {[%clk 0:41:07]} Kg8 {[%clk 0:20:30]} 37. Ne6+ {[%clk 0:41:32]} Kh7
{[%clk 0:11:42]} 38. Rc7 {[%clk 0:41:54]} h5 {[%clk 0:12:07]} 39. Nxg7
{[%clk 0:41:22]} Nc2 {[%clk 0:08:54]} 40. Nf5+ {[%clk 0:41:20]} Kh8
{[%clk 0:09:20]} 41. d6 {[%clk 0:41:08]} Ne1 {[%clk 0:09:06]} 42. Rc3
{[%clk 0:41:03]}
1-0

[Event "Landsturneringen 2017"]
[Site "Clarion Energy Hotel, Stavanger"]
[Date "2017.07.05"]
[Round "6"]
[White "Risting, Eivind Olav"]
[Black "Tryggestad, Andreas G"]
[Result "1/2-1/2"]
[WhiteElo "2295"]
[BlackElo "2314"]
[PlyCount "32"]

1. e4 {[%clk 1:27:22]} c5 {[%clk 1:30:55]} 2. Nf3 {[%clk 1:27:43]} e6
{[%clk 1:31:10]} 3. b3 {[%clk 1:27:40]} b6 {[%clk 1:31:28]} 4. Bd3
{[%clk 1:27:11]} Bb7 {[%clk 1:31:29]} 5. O-O {[%clk 1:26:54]} Nc6
{[%clk 1:28:11]} 6. Re1 {[%clk 1:25:34]} d5 {[%clk 1:27:52]} 7. exd5
{[%clk 1:23:16]} Qxd5 {[%clk 1:28:08]} 8. Na3 {[%clk 1:05:58]} Nf6
{[%clk 1:27:20]} 9. Bb2 {[%clk 0:54:37]} Be7 {[%clk 1:25:08]} 10. Bc4
{[%clk 0:54:36]} Qd7 {[%clk 1:24:39]} 11. Ng5 {[%clk 0:52:32]} Nd8
{[%clk 1:13:58]} 12. Bb5 {[%clk 0:48:04]} Bc6 {[%clk 1:13:38]} 13. Qf3
{[%clk 0:37:53]} Bxf3 {[%clk 1:08:05]} 14. Bxd7+ {[%clk 0:38:09]} Nxd7
{[%clk 1:07:37]} 15. Nxf3 {[%clk 0:38:26]} Bf6 {[%clk 1:08:01]} 16. Bxf6
{[%clk 0:34:09]} Nxf6 {[%clk 1:08:15]}
1/2-1/2

[Event "Landsturneringen 2017"]
[Site "Clarion Energy Hotel, Stavanger"]
[Date "2017.07.05"]
[Round "6"]
[White "Moen, Andreas G.R."]
[Black "Arvola, Benjamin"]
[Result "0-1"]
[WhiteElo "2330"]
[BlackElo "2435"]
[PlyCount "114"]

1. e4 {[%clk 1:28:56]} e5 {[%clk 1:30:53]} 2. Nf3 {[%clk 1:29:09]} Nc6
{[%clk 1:31:19]} 3. Bb5 {[%clk 1:29:03]} Nf6 {[%clk 1:31:44]} 4. O-O
{[%clk 1:20:55]} Nxe4 {[%clk 1:31:54]} 5. Re1 {[%clk 1:18:03]} Nd6
{[%clk 1:32:12]} 6. Nxe5 {[%clk 1:09:24]} Be7 {[%clk 1:32:26]} 7. Bf1
{[%clk 1:07:40]} Nxe5 {[%clk 1:32:51]} 8. Rxe5 {[%clk 1:08:07]} O-O
{[%clk 1:33:14]} 9. d4 {[%clk 1:04:31]} Bf6 {[%clk 1:33:38]} 10. Re1
{[%clk 1:03:53]} Re8 {[%clk 1:33:54]} 11. Rxe8+ {[%clk 0:58:13]} Nxe8
{[%clk 1:31:32]} 12. Bf4 {[%clk 0:55:31]} d5 {[%clk 1:31:19]} 13. c3
{[%clk 0:55:54]} g6 {[%clk 1:29:44]} 14. Nd2 {[%clk 0:54:27]} Ng7
{[%clk 1:29:52]} 15. Nf3 {[%clk 0:51:59]} c6 {[%clk 1:30:15]} 16. h3
{[%clk 0:40:31]} Bf5 {[%clk 1:30:05]} 17. Qd2 {[%clk 0:37:38]} Qa5
{[%clk 1:06:57]} 18. g4 {[%clk 0:30:58]} Be6 {[%clk 1:02:14]} 19. Be5
{[%clk 0:30:04]} Bxe5 {[%clk 0:53:45]} 20. dxe5 {[%clk 0:22:52]} Bd7
{[%clk 0:54:09]} 21. Bd3 {[%clk 0:15:02]} Ne6 {[%clk 0:53:19]} 22. Qh6
{[%clk 0:13:08]} Qa4 {[%clk 0:46:24]} 23. Ng5 {[%clk 0:11:45]} Nf8
{[%clk 0:44:37]} 24. Re1 {[%clk 0:10:48]} Qf4 {[%clk 0:42:56]} 25. Re3
{[%clk 0:09:07]} Be6 {[%clk 0:43:21]} 26. Rf3 {[%clk 0:07:26]} Qxe5
{[%clk 0:43:06]} 27. Re3 {[%clk 0:03:41]} Qg7 {[%clk 0:39:41]} 28. Qh4
{[%clk 0:04:04]} Re8 {[%clk 0:40:05]} 29. Qg3 {[%clk 0:04:03]} Qf6
{[%clk 0:40:14]} 30. Nf3 {[%clk 0:04:09]} Bd7 {[%clk 0:38:33]} 31. Rxe8
{[%clk 0:04:01]} Bxe8 {[%clk 0:38:59]} 32. g5 {[%clk 0:04:05]} Qe7
{[%clk 0:39:13]} 33. Qe5 {[%clk 0:03:35]} Qxe5 {[%clk 0:29:44]} 34. Nxe5
{[%clk 0:04:03]} Kg7 {[%clk 0:30:07]} 35. h4 {[%clk 0:03:11]} f6 {[%clk 0:30:33]}
36. Nf3 {[%clk 0:02:10]} Ne6 {[%clk 0:29:45]} 37. Kh2 {[%clk 0:01:52]} c5
{[%clk 0:28:20]} 38. Bf1 {[%clk 0:01:13]} Bc6 {[%clk 0:28:28]} 39. Kg3
{[%clk 0:00:42]} d4 {[%clk 0:22:19]} 40. Bc4 {[%clk 0:00:50]} dxc3
{[%clk 0:19:33]} 41. bxc3 {[%clk 0:29:49]} Nc7 {[%clk 0:44:43]} 42. Nd2
{[%clk 0:21:52]} b5 {[%clk 0:44:29]} 43. Bd3 {[%clk 0:19:19]} c4 {[%clk 0:38:28]}
44. Bc2 {[%clk 0:15:26]} Kf7 {[%clk 0:30:51]} 45. f4 {[%clk 0:15:08]} f5
{[%clk 0:28:35]} 46. h5 {[%clk 0:11:37]} Nd5 {[%clk 0:26:55]} 47. Nf3
{[%clk 0:11:19]} Be8 {[%clk 0:26:59]} 48. a4 {[%clk 0:06:49]} a6 {[%clk 0:25:24]}
49. h6 {[%clk 0:03:43]} Nxc3 {[%clk 0:22:22]} 50. a5 {[%clk 0:04:07]} Ne2+
{[%clk 0:22:10]} 51. Kf2 {[%clk 0:03:39]} Nxf4 {[%clk 0:22:11]} 52. Ke3
{[%clk 0:04:03]} Ne6 {[%clk 0:22:25]} 53. Ne5+ {[%clk 0:02:12]} Ke7
{[%clk 0:21:10]} 54. Bxf5 {[%clk 0:02:04]} gxf5 {[%clk 0:21:33]} 55. g6
{[%clk 0:02:29]} f4+ {[%clk 0:21:55]} 56. Kd2 {[%clk 0:02:03]} Ng5
{[%clk 0:21:53]} 57. g7 {[%clk 0:01:40]} Ne4+ {[%clk 0:21:55]}
0-1